000 00602nam a2200181Ia 4500
008 100920s9999 xx 000 0 und d
082 _b8885
_a891.43 थ 57
100 _aअनु. राघव रांगेय./शेक्सपिअर
245 _aहैमलेट.
260 _bराजपाल एण्ड सन्स ,कश्मीरी गेट, दिल्ली.
_c1957
300 _a206
_bसाधी
365 _b2
520 _aहिंदी.
630 _aहैमलेट.
650 _aहिंदी.
730 _aहैमलेट.
942 _cBOOK
999 _c676033
_d676030